000 00562cam a2200145 4500500
005 20251012020628.0
041 _afre
042 _adc
100 1 0 _ad'Arienzo, María
_eauthor
245 0 0 _aDIENI Edoardo, Finzioni canoniche. Dinamiche del “come se" tra diritto sacro e diritto profano, Giuffrè Editore, Milan, 2004, 412 p.
260 _c2005.
500 _a9
786 0 _nL'Année canonique | XLVII | 1 | 2005-02-11 | p. 379-380 | 0570-1953
856 4 1 _uhttps://shs.cairn.info/revue-l-annee-canonique-2005-1-page-379?lang=fr&redirect-ssocas=7080
999 _c1536230
_d1536230